[Event "6th Transport Ministry's Cup"]
[Site "Warsaw POL"]
[Date "1980.05.28"]
[Round "6"]
[White "Mazul, Waldemar"]
[Black "Vogt, Lothar"]
[Result "1-0"]
[WhiteElo "2340"]
[BlackElo "2510"]
[EventDate "1980.05.23"]
[PlyCount "105"]
[Source "Vistula"]
[SourceDate "1999.08.16"]

1.e4 c5 2.Nf3 e6 3.d4 cxd4 4.Nxd4 Nf6 5.Nc3 d6 6.Be2 Be7 7.O-O O-O 8.Kh1 
Nc6 9.Be3 Bd7 10.f4 a6 11.a4 Rc8 12.Qe1 Nb4 13.Rc1 Re8 14.Qf2 Rxc3 15.bxc3
Na2 16.Ra1 Nxe4 17.Qf3 Naxc3 18.Bd3 d5 19.a5 Bf6 20.Nb3 g6 21.Rfe1 Nb5 22.
Rad1 Nec3 23.Bb6 Qc8 24.Ra1 Bc6 25.Qg4 d4 26.Nc5 Bd5 27.f5 e5 28.h3 Nd6 
29.fxg6 hxg6 30.Qxc8 Nxc8 31.Nd7 Re6 32.Bxd4 exd4 33.Rxe6 Bxe6 34.Nxf6+ 
Kf8 35.Ne4 Nxe4 36.Bxe4 Nd6 37.Bd3 Bd7 38.Rb1 Bb5 39.Rb4 Bxd3 40.cxd3 Nb5 
41.g4 Ke7 42.Kg2 Ke6 43.Kf3 Ke5 44.Rb1 g5 45.Re1+ Kd5 46.Kg3 f6 47.h4 
gxh4+ 48.Kxh4 Nc7 49.Kh5 Ne6 50.Rf1 Nc5 51.Rf5+ Kd6 52.Rxf6+ Ke7 53.Rf3 
1-0

[Event "6th Transport Ministry's Cup"]
[Site "Warsaw POL"]
[Date "1980.05.28"]
[Round "6"]
[White "Rakic, Tomislav"]
[Black "Bernard, Ryszard"]
[Result "0-1"]
[WhiteElo "2455"]
[BlackElo "2370"]
[EventDate "1980.05.23"]
[PlyCount "42"]
[Source "Vistula"]
[SourceDate "1999.08.16"]

1.Nf3 d5 2.d4 Nf6 3.Bf4 c6 4.e3 Qb6 5.Qc1 Bf5 6.Nbd2 Nbd7 7.h3 h6 8.Be2 e6
9.O-O Be7 10.c4 Ne4 11.c5 Qd8 12.b4 g5 13.Bh2 h5 14.Nxe4 dxe4 15.Ne5 g4 
16.hxg4 hxg4 17.b5 Nxe5 18.Bxe5 f6 19.Bf4 Kf7 20.g3 Qg8 21.Kg2 Rh2+ 0-1

[Event "6th Transport Ministry's Cup"]
[Site "Warsaw POL"]
[Date "1980.05.28"]
[Round "6"]
[White "Schmidt, Wlodzimierz"]
[Black "Kuligowski, Adam"]
[Result "1/2-1/2"]
[WhiteElo "2430"]
[BlackElo "2405"]
[EventDate "1980.05.23"]
[PlyCount "49"]
[Source "Vistula"]
[SourceDate "1999.08.16"]

1.d4 Nf6 2.c4 e6 3.Nf3 b6 4.a3 Bb7 5.Nc3 d5 6.cxd5 Nxd5 7.e3 Be7 8.Bb5+ c6
9.Bd3 Nxc3 10.bxc3 c5 11.e4 Nc6 12.Be3 cxd4 13.cxd4 Rc8 14.O-O O-O 15.Qe2 
Na5 16.Rfe1 Rc3 17.a4 Nb3 18.Rad1 Qa8 19.Nd2 Rfc8 20.Nxb3 Rxb3 21.f3 Bb4 
22.Rb1 Rxb1 23.Rxb1 Bd6 24.Qe1 Qb8 25.g3 1/2-1/2

[Event "6th Transport Ministry's Cup"]
[Site "Warsaw POL"]
[Date "1980.05.28"]
[Round "6"]
[White "Sznapik, Aleksander"]
[Black "Pribyl, Josef"]
[Result "1-0"]
[WhiteElo "2460"]
[BlackElo "2390"]
[EventDate "1980.05.23"]
[PlyCount "41"]
[Source "Vistula"]
[SourceDate "1999.08.16"]

1.e4 c6 2.d4 d5 3.Nc3 g6 4.h3 Bg7 5.Nf3 Nf6 6.e5 Ne4 7.Bd3 Nxc3 8.bxc3 c5 
9.O-O Nc6 10.Re1 Qa5 11.a4 Bd7 12.dxc5 Qxc5 13.Rb1 Nd8 14.Bb5 Bxb5 15.Rxb5
Qxc3 16.Qxd5 Qxc2 17.Bg5 Qxa4 18.Bxe7 Kxe7 19.e6 h6 20.exf7+ Kf6 21.Rxb7 
1-0

[Event "6th Transport Ministry's Cup"]
[Site "Warsaw POL"]
[Date "1980.05.29"]
[Round "7"]
[White "Bernard, Ryszard"]
[Black "Bugajski, Robert"]
[Result "0-1"]
[WhiteElo "2370"]
[BlackElo "2290"]
[EventDate "1980.05.23"]
[PlyCount "56"]
[Source "Vistula"]
[SourceDate "1999.08.16"]

1.e4 c5 2.Nf3 d6 3.c3 Nf6 4.Bd3 g6 5.Bc2 Bg7 6.d4 cxd4 7.cxd4 O-O 8.Nc3 
Bg4 9.Be3 Nc6 10.O-O Nh5 11.Qd2 Bxf3 12.gxf3 e6 13.f4 d5 14.exd5 exd5 15.
f5 Qh4 16.Bd1 Bxd4 17.Bxd4 Nxd4 18.Bxh5 gxh5 19.f4 Nxf5 20.Nxd5 Kh8 21.
Qc3+ f6 22.Kh1 Rac8 23.Qd3 Nh6 24.Rad1 Ng4 25.Rd2 Rfd8 26.Qg3 Qxg3 27.hxg3
Ne3 28.Rf3 Rxd5 0-1

[Event "6th Transport Ministry's Cup"]
[Site "Warsaw POL"]
[Date "1980.05.29"]
[Round "7"]
[White "Kuligowski, Adam"]
[Black "Sznapik, Aleksander"]
[Result "1-0"]
[WhiteElo "2405"]
[BlackElo "2460"]
[EventDate "1980.05.23"]
[PlyCount "59"]
[Source "Vistula"]
[SourceDate "1999.08.16"]

1.d4 Nf6 2.c4 g6 3.Nc3 Bg7 4.e4 d6 5.f3 O-O 6.Bg5 c5 7.d5 e6 8.Nge2 exd5 
9.cxd5 Nbd7 10.Ng3 a6 11.a4 Rb8 12.Be2 Qc7 13.a5 c4 14.Be3 Nc5 15.O-O Bd7 
16.Bxc4 Ncxe4 17.Ngxe4 Nxe4 18.Nxe4 Qxc4 19.Nxd6 Qb4 20.Ne4 Rbc8 21.Rf2 f5
22.Nc3 Rfe8 23.Bb6 Bxc3 24.bxc3 Rxc3 25.Re2 Rec8 26.Qe1 Qc4 27.Re7 Qxd5 
28.Rd1 Rd3 29.Rxd3 Qxd3 30.Qa1 1-0

[Event "6th Transport Ministry's Cup"]
[Site "Warsaw POL"]
[Date "1980.05.29"]
[Round "7"]
[White "Pribyl, Josef"]
[Black "Mazul, Waldemar"]
[Result "1-0"]
[WhiteElo "2390"]
[BlackElo "2340"]
[EventDate "1980.05.23"]
[PlyCount "77"]
[Source "Vistula"]
[SourceDate "1999.08.16"]

1.d4 Nf6 2.Bg5 c5 3.d5 Qb6 4.Nc3 Qxb2 5.Bd2 Qb6 6.e4 d6 7.f4 e5 8.fxe5 
dxe5 9.Nf3 Bd6 10.Rb1 Qd8 11.Bd3 O-O 12.O-O Ne8 13.Nb5 g6 14.Qe1 f6 15.Bh6
Rf7 16.Qf2 a6 17.Nxd6 Qxd6 18.a4 Qc7 19.Nd2 Nd6 20.Nc4 Nd7 21.Nxd6 Qxd6 
22.Bc4 b6 23.Rb3 Bb7 24.h4 Kh8 25.Qe2 Re7 26.Rg3 Ree8 27.Bc1 Rg8 28.Kh2 
Bc8 29.h5 g5 30.Rgf3 h6 31.Qf2 Rf8 32.Bb2 Rb8 33.Rb3 Rf7 34.Qg3 Kg7 35.Be2
Nf8 36.Rxf6 Rxf6 37.Bxe5 Qe7 38.Bxf6+ Qxf6 39.Qxb8 1-0

[Event "6th Transport Ministry's Cup"]
[Site "Warsaw POL"]
[Date "1980.05.29"]
[Round "7"]
[White "Schinzel, Wladyslaw"]
[Black "Schmidt, Wlodzimierz"]
[Result "1-0"]
[WhiteElo "2385"]
[BlackElo "2430"]
[EventDate "1980.05.23"]
[PlyCount "79"]
[Source "Vistula"]
[SourceDate "1999.08.16"]

1.c4 g6 2.e4 Bg7 3.d4 d6 4.Nc3 Nf6 5.Be2 O-O 6.Bg5 c5 7.d5 a6 8.Qd2 Qa5 9.
f3 e6 10.Bh6 exd5 11.cxd5 b5 12.h4 Nbd7 13.h5 Ra7 14.g4 Ne5 15.Nh3 b4 16.
Nd1 Re8 17.Bxg7 Kxg7 18.Nhf2 Rc7 19.hxg6 fxg6 20.g5 Ng8 21.f4 Nf7 22.b3 h6
23.Ne3 Rce7 24.Nc4 Qd8 25.Qb2+ Kf8 26.gxh6 Nfxh6 27.O-O-O Rf7 28.e5 Rxf4 
29.Nd3 Rxc4+ 30.bxc4 dxe5 31.Nxc5 Qb6 32.Nd3 a5 33.c5 Qa7 34.c6 Nf7 35.Kb1
Bf5 36.Ka1 Nf6 37.Nxb4 Rb8 38.c7 Rxb4 39.Qc3 Nd6 40.Qxe5 $138 1-0

[Event "6th Transport Ministry's Cup"]
[Site "Warsaw POL"]
[Date "1980.05.29"]
[Round "7"]
[White "Uhlmann, Wolfgang"]
[Black "Rakic, Tomislav"]
[Result "1/2-1/2"]
[WhiteElo "2510"]
[BlackElo "2455"]
[EventDate "1980.05.23"]
[PlyCount "84"]
[Source "Vistula"]
[SourceDate "1999.08.16"]

1.c4 g6 2.e4 c5 3.Nf3 Nc6 4.d4 cxd4 5.Nxd4 Bg7 6.Be3 Nf6 7.Nc3 O-O 8.Be2 
d6 9.O-O Bd7 10.Rc1 Ne8 11.Qd2 b6 12.f4 Rc8 13.Nxc6 Bxc6 14.Bf3 Nf6 15.
Rfd1 Qd7 16.Qe2 Qb7 17.Bf2 Bh6 18.Bg3 Rfe8 19.b4 Qa8 20.Rc2 Rc7 21.Rd3 Qc8
22.e5 dxe5 23.fxe5 Bxf3 24.Qxf3 Ng4 25.h3 Ne3 26.Rxe3 Bxe3+ 27.Qxe3 Rxc4 
28.a3 Qc6 29.Qd3 e6 30.Be1 Rc8 31.Kh2 a5 32.b5 Qc7 33.Qd6 Qa7 34.Rc1 Qc7 
35.Bd2 Qxd6 36.exd6 Rd8 37.Nd1 Rxc1 38.Bxc1 Rxd6 39.Nc3 Rd3 40.Na4 Rb3 41.
Nxb6 Rxb5 42.Nd7 e5 1/2-1/2

[Event "6th Transport Ministry's Cup"]
[Site "Warsaw POL"]
[Date "1980.05.29"]
[Round "7"]
[White "Vogt, Lothar"]
[Black "Doda, Zbigniew"]
[Result "1-0"]
[WhiteElo "2510"]
[BlackElo "2370"]
[EventDate "1980.05.23"]
[PlyCount "123"]
[Source "Vistula"]
[SourceDate "1999.08.16"]

1.e4 Nf6 2.e5 Nd5 3.d4 d6 4.Nf3 Bg4 5.Be2 e6 6.O-O Be7 7.h3 Bh5 8.c4 Nb6 
9.Nc3 O-O 10.Be3 d5 11.b3 dxc4 12.bxc4 Nc6 13.Rb1 Bg6 14.Bd3 Nxd4 15.Nxd4 
Bxd3 16.Qxd3 c5 17.Ne4 cxd4 18.Bxd4 Qc7 19.Rfc1 Rfd8 20.c5 Nd5 21.Nd6 Rdb8
22.Qd2 h6 23.f4 Qd7 24.Qf2 Bxd6 25.exd6 f6 26.f5 e5 27.Qf3 Ne7 28.Bxe5 
fxe5 29.Qb3+ Kh7 30.Qf7 Qxf5 31.Qxe7 Qe4 32.Kh1 Qd5 33.Rf1 Re8 34.Qxb7 
Qxc5 35.Rf7 Rg8 36.Qe4+ Kh8 37.d7 Raf8 38.Rbf1 Rxf7 39.Rxf7 Qd6 40.Qb7 a5 
41.Qc8 e4 42.Qc3 a4 43.a3 Kh7 44.Kg1 Qb6+ 45.Kh2 Qd6+ 46.Qg3 Qd4 47.Re7 
Rd8 48.Qf4 Qd5 49.Qf6 Qg5 50.Qxg5 hxg5 51.Rxe4 Rxd7 52.Rxa4 Rd3 53.Ra6 Rb3
54.Kg1 Rb2 55.Ra4 Kg6 56.Rg4 Ra2 57.a4 Kf5 58.Kf1 Rd2 59.Ke1 Rd5 60.Ke2 
Kf6 61.Rb4 Kg6 62.Rb3 1-0

[Event "6th Transport Ministry's Cup"]
[Site "Warsaw POL"]
[Date "1980.05.30"]
[Round "8"]
[White "Bugajski, Robert"]
[Black "Uhlmann, Wolfgang"]
[Result "0-1"]
[WhiteElo "2290"]
[BlackElo "2510"]
[EventDate "1980.05.23"]
[PlyCount "108"]
[Source "Vistula"]
[SourceDate "1999.08.16"]

1.d4 Nf6 2.c4 g6 3.Nc3 Bg7 4.g3 O-O 5.Bg2 d6 6.Nf3 Nbd7 7.O-O e5 8.e4 c6 
9.h3 Re8 10.Be3 exd4 11.Nxd4 Nc5 12.Qc2 a5 13.Rad1 Qe7 14.Rfe1 Qf8 15.f4 
Nfd7 16.Bf2 a4 17.b4 ( 17.Rd2 $5 ) 17...axb3 18.axb3 Ne6 19.Nde2 Nec5 20.
b4 Na6 21.Qb3 Nf6 22.g4 $6 ( 22.Rd2 $5 ) 22...h5 23.g5 Nd7 24.f5 $2 ( 24.
Rd2 $5 d5 25.c5 ) 24...Be5 25.Nd4 c5 $1 26.Ndb5 Nxb4 27.Nc7 Nb6 28.Nxa8 
Nxa8 29.f6 Nc7 $44 30.Ne2 Be6 31.Bf1 b5 32.Nc3 bxc4 33.Bxc4 Bxh3 34.Nd5 
Ncxd5 35.Qxh3 Nf4 36.Qd7 Ne6 37.Bxe6 Rxe6 38.Kg2 Qa8 39.Kf3 Nc6 40.Be3 $2 
Bxf6 $1 41.Bf4 Be5 42.Bd2 Kg7 43.Kg2 Re7 44.Qh3 Qa2 45.Qf3 Rb7 46.Kf1 Nd4 
47.Qf2 Rb2 48.Re3 Qa4 49.Rc1 Qd7 50.Rd1 Qg4 51.Ra1 Nb3 52.Ra7 Nxd2+ 53.Ke1
Rb1+ 54.Kxd2 Qd1# 0-1

[Event "6th Transport Ministry's Cup"]
[Site "Warsaw POL"]
[Date "1980.05.30"]
[Round "8"]
[White "Doda, Zbigniew"]
[Black "Rakic, Tomislav"]
[Result "0-1"]
[WhiteElo "2370"]
[BlackElo "2455"]
[EventDate "1980.05.23"]
[PlyCount "80"]
[Source "Vistula"]
[SourceDate "1999.08.16"]

1.Nf3 g6 2.d4 Bg7 3.g3 d6 4.Bg2 Nd7 5.d5 Ngf6 6.O-O O-O 7.Nc3 a5 8.a4 Nc5 
9.Nd4 e5 10.dxe6 fxe6 11.e4 e5 12.Ndb5 Kh8 13.Be3 Bd7 14.f3 Qc8 15.Rf2 Rf7
16.Rd2 Bh3 17.Qe2 Bxg2 18.Kxg2 Ne6 19.Nd5 Qf8 20.Rad1 Bh6 21.Ndxc7 Nxc7 
22.Nxd6 Bxe3 23.Nxf7+ Qxf7 24.Qxe3 Ne6 25.c3 Rf8 26.Rd6 g5 27.Rxe6 Qxe6 
28.Qxg5 Re8 29.Rd2 Qc6 30.Qf5 Kg7 31.g4 Kh8 32.g5 Nh5 33.Rd7 Ng7 34.Qf7 
Rg8 35.Rxb7 Qxa4 36.g6 Qc2+ 37.Kh3 Qc1 38.gxh7 Qh6+ 39.Kg2 Qd2+ 40.Kg3 
Nf5+ 0-1

[Event "6th Transport Ministry's Cup"]
[Site "Warsaw POL"]
[Date "1980.05.30"]
[Round "8"]
[White "Mazul, Waldemar"]
[Black "Kuligowski, Adam"]
[Result "1/2-1/2"]
[WhiteElo "2340"]
[BlackElo "2405"]
[EventDate "1980.05.23"]
[PlyCount "48"]
[Source "Vistula"]
[SourceDate "1999.08.16"]

1.e4 c5 2.Nf3 d6 3.c3 Nf6 4.Qc2 Qc7 5.d4 cxd4 6.Nxd4 a6 7.Be2 g6 8.c4 Bg7 
9.Nc3 e6 10.O-O O-O 11.Be3 b6 12.Rac1 Bb7 13.Rfd1 Nbd7 14.f3 Rfe8 15.Qd2 
Bf8 16.Qe1 Rac8 17.Qf2 Rb8 18.Nc2 Ba8 19.Nd4 h6 20.Nb3 Kh7 21.Qh4 Bg7 22.
Qf2 Bf8 23.Qh4 Bg7 24.Qf2 Bf8 1/2-1/2

[Event "6th Transport Ministry's Cup"]
[Site "Warsaw POL"]
[Date "1980.05.30"]
[Round "8"]
[White "Schmidt, Wlodzimierz"]
[Black "Bernard, Ryszard"]
[Result "1-0"]
[WhiteElo "2430"]
[BlackElo "2370"]
[EventDate "1980.05.23"]
[PlyCount "85"]
[Source "Vistula"]
[SourceDate "1999.08.16"]

1.c4 e5 2.Nc3 Nc6 3.g3 g6 4.Bg2 Bg7 5.Rb1 Nf6 6.b4 O-O 7.d3 d6 8.b5 Ne7 9.
Nf3 h6 10.O-O Be6 11.a4 Qd7 12.Qb3 Bh3 13.Ba3 Nh5 14.c5 Bxg2 15.Kxg2 Rad8 
16.Rfc1 Rfe8 17.cxd6 cxd6 18.b6 axb6 19.Qxb6 Qg4 20.Qxb7 Nf5 21.e3 d5 22.
Nxd5 Qxa4 23.Bc5 e4 24.dxe4 Qxe4 25.Nc7 Nh4+ 26.gxh4 Qg4+ 27.Kh1 Re4 28.
Ng1 Qxh4 29.Rd1 Rxd1 30.Rxd1 Be5 31.Nf3 Qg4 32.Rd8+ Kh7 33.Nxe5 Qe2 34.
Rh8+ Kxh8 35.Nxf7+ Kh7 36.Ng5+ hxg5 37.Ne6+ Kh6 38.Bf8+ Ng7 39.Qxg7+ Kh5 
40.Qh7+ Kg4 41.h3+ Kf5 42.Qf7+ Ke5 43.Bg7+ 1-0

[Event "6th Transport Ministry's Cup"]
[Site "Warsaw POL"]
[Date "1980.05.30"]
[Round "8"]
[White "Sznapik, Aleksander"]
[Black "Schinzel, Wladyslaw"]
[Result "1-0"]
[WhiteElo "2460"]
[BlackElo "2385"]
[EventDate "1980.05.23"]
[PlyCount "62"]
[Source "Vistula"]
[SourceDate "1999.08.16"]

1.e4 e5 2.Nc3 Nf6 3.g3 Bb4 4.Bg2 O-O 5.Nge2 Nc6 6.O-O d6 7.h3 Bc5 8.Kh2 a6
9.d3 b5 10.a3 Rb8 11.b4 Ba7 12.f4 Nd4 13.Be3 Nxe2 14.Qxe2 Bd4 15.Bd2 Re8 
16.Rae1 Bb7 17.Nd1 exf4 18.Bxf4 Nd5 19.Bd2 Nb6 20.c3 Bf6 21.Ne3 Bc8 22.d4 
Be6 23.Bc1 Nc4 24.Nf5 Bg5 25.Qg4 Bxf5 26.Qxf5 Bf6 27.e5 dxe5 28.Be4 Rb6 
29.Qxh7+ Kf8 30.g4 Qd6 31.d5 g6 1-0

[Event "6th Transport Ministry's Cup"]
[Site "Warsaw POL"]
[Date "1980.05.30"]
[Round "8"]
[White "Vogt, Lothar"]
[Black "Pribyl, Josef"]
[Result "1/2-1/2"]
[WhiteElo "2510"]
[BlackElo "2390"]
[EventDate "1980.05.23"]
[PlyCount "44"]
[Source "Vistula"]
[SourceDate "1999.08.16"]

1.Nf3 Nf6 2.c4 g6 3.b4 Bg7 4.Bb2 O-O 5.e3 b6 6.Be2 c5 7.a3 Bb7 8.O-O Nc6 
9.Qb3 e6 10.d3 Qe7 11.Bc3 d5 12.Nbd2 Rfd8 13.Rfe1 Rac8 14.Rab1 dxc4 15.
dxc4 cxb4 16.axb4 Ne8 17.Bxg7 Nxg7 18.Qb2 Rc7 19.Rec1 Ne8 20.c5 bxc5 21.
Rxc5 a5 22.Rbc1 Nxb4 1/2-1/2

[Event "6th Transport Ministry's Cup"]
[Site "Warsaw POL"]
[Date "1980.05.31"]
[Round "9"]
[White "Bernard, Ryszard"]
[Black "Sznapik, Aleksander"]
[Result "1/2-1/2"]
[WhiteElo "2370"]
[BlackElo "2460"]
[EventDate "1980.05.23"]
[PlyCount "146"]
[Source "Vistula"]
[SourceDate "1999.08.16"]

1.e4 g6 2.d4 Bg7 3.c3 d6 4.f4 Nf6 5.Bd3 e5 6.Nf3 Bg4 7.O-O O-O 8.Na3 Nh5 
9.h3 Bxf3 10.Qxf3 Nxf4 11.Bxf4 exf4 12.Qxf4 c5 13.dxc5 dxc5 14.Bc4 Qe7 15.
Bd5 Nd7 16.Nc4 Ne5 17.Rad1 Rad8 18.Nxe5 Bxe5 19.Qf3 Kg7 20.Bc4 Rxd1 21.
Rxd1 h5 22.Qd3 Qg5 23.Rf1 Bb8 24.Qd7 Qe3+ 25.Kh1 Kh6 26.Qd3 Qg5 27.Qf3 Qe5
28.g3 Kg7 29.Qf4 Qe7 30.Qf3 Qg5 31.Kg2 h4 32.Qg4 Qxg4 33.hxg4 hxg3 34.Rd1 
Rh8 35.Rh1 Rd8 36.Bd5 Be5 37.Kf3 f6 38.Rd1 b5 39.Rd2 Rh8 40.Rg2 Rh1 41.Ke2
Rb1 42.Kf3 b4 43.cxb4 cxb4 44.b3 a5 45.g5 fxg5 46.Bc4 Rd1 47.Ke2 Rh1 48.
Kf3 Rh2 49.Bf1 Kh6 50.Rxh2+ gxh2 51.Bg2 Kh5 52.Bh1 g4+ 53.Ke3 Kg5 54.Ke2 
Kf4 55.Kf2 g5 56.Ke2 Kg3 57.Kf1 Kh3 58.Kf2 g3+ 59.Kf1 Kh4 60.Ke2 Kg4 61.
Ke1 Kf4 62.Ke2 Bc3 63.e5 Kxe5 64.Kd3 Kf4 65.Ke2 Bd4 66.Bg2 Kg4 67.Kf1 Ba7 
68.Bh1 Kf5 69.Ke2 Ke6 70.Kd3 Kd6 71.Kc4 Bf2 72.Bg2 Be1 73.Bh1 Kc7 1/2-1/2

[Event "6th Transport Ministry's Cup"]
[Site "Warsaw POL"]
[Date "1980.05.31"]
[Round "9"]
[White "Kuligowski, Adam"]
[Black "Vogt, Lothar"]
[Result "1-0"]
[WhiteElo "2405"]
[BlackElo "2510"]
[EventDate "1980.05.23"]
[PlyCount "86"]
[Source "Vistula"]
[SourceDate "1999.08.16"]

1.d4 Nf6 2.c4 g6 3.Nc3 Bg7 4.e4 d6 5.f3 O-O 6.Bg5 c6 7.Qd2 e5 8.d5 h6 9.
Be3 cxd5 10.cxd5 Nbd7 11.Bd3 Nc5 12.Bc2 a5 13.Nge2 Bd7 14.O-O Kh7 15.b3 
Rc8 16.Rab1 Ng8 17.a3 h5 18.b4 axb4 19.axb4 Na6 20.Bd3 Bh6 21.Kh1 h4 22.
Rb3 Qf6 23.Bxh6 Nxh6 24.Qe3 Rcd8 25.Qb6 Bc8 26.Nb5 Qe7 27.Na7 Nb8 28.Rc3 
h3 29.g3 Qg5 30.Rfc1 Bd7 31.Ng1 Qd2 32.R1c2 Qe1 33.Qf2 Qxf2 34.Rxf2 Na6 
35.Bxa6 bxa6 36.Rc7 Ng8 37.Ra2 Nf6 38.Rxa6 Ne8 39.Rb7 f5 40.Nc6 Nf6 41.
Nxd8 Rxd8 42.Rxd6 Kg7 43.Nxh3 fxe4 1-0

[Event "6th Transport Ministry's Cup"]
[Site "Warsaw POL"]
[Date "1980.05.31"]
[Round "9"]
[White "Pribyl, Josef"]
[Black "Doda, Zbigniew"]
[Result "0-1"]
[WhiteElo "2390"]
[BlackElo "2370"]
[EventDate "1980.05.23"]
[PlyCount "62"]
[Source "Vistula"]
[SourceDate "1999.08.16"]

1.d4 Nf6 2.Bg5 d5 3.Bxf6 gxf6 4.e3 c5 5.dxc5 e6 6.c4 dxc4 7.Qxd8+ Kxd8 8.
Bxc4 Bxc5 9.Nc3 a6 10.Nf3 Nd7 11.Ke2 Ke7 12.Bd3 Ba7 13.Rac1 b5 14.Rhd1 f5 
15.e4 f4 16.b4 Bb8 17.Nd4 Ne5 18.g3 Bd7 19.Nb3 f3+ 20.Ke3 Ba7+ 21.Nc5 Rhc8
22.Nb1 Be8 23.Nd2 a5 24.a3 axb4 25.axb4 Bxc5+ 26.Rxc5 Rxc5 27.bxc5 Nxd3 
28.Kxd3 Ra3+ 29.Kd4 f6 30.Nb1 e5+ 31.Kd5 Ra6 0-1

[Event "6th Transport Ministry's Cup"]
[Site "Warsaw POL"]
[Date "1980.05.31"]
[Round "9"]
[White "Rakic, Tomislav"]
[Black "Bugajski, Robert"]
[Result "1-0"]
[WhiteElo "2455"]
[BlackElo "2290"]
[EventDate "1980.05.23"]
[PlyCount "57"]
[Source "Vistula"]
[SourceDate "1999.08.16"]

1.d4 Nf6 2.Nc3 d5 3.Bg5 c5 4.Bxf6 gxf6 5.e4 dxe4 6.d5 e3 7.fxe3 h5 8.Bb5+ 
Bd7 9.Bd3 h4 10.Qf3 Bh6 11.Nge2 Rg8 12.Nf4 Qb6 13.O-O-O c4 14.Be2 Bg4 15.
Qf2 Bxe2 16.Qxe2 Nd7 17.Rhe1 Rc8 18.Qh5 Bg5 19.d6 exd6 20.Ne4 Rc6 21.Nd5 
Qa5 22.Qh7 Rf8 23.a3 c3 24.Nexc3 Ne5 25.Qf5 b5 26.Nxf6+ Bxf6 27.Qxf6 Rxc3 
28.Qxd6 Nd3+ 29.Kb1 1-0

[Event "6th Transport Ministry's Cup"]
[Site "Warsaw POL"]
[Date "1980.05.31"]
[Round "9"]
[White "Schinzel, Wladyslaw"]
[Black "Mazul, Waldemar"]
[Result "1-0"]
[WhiteElo "2385"]
[BlackElo "2340"]
[EventDate "1980.05.23"]
[PlyCount "77"]
[Source "Vistula"]
[SourceDate "1999.08.16"]

1.d4 d5 2.c4 e6 3.Nc3 Nf6 4.Bg5 Be7 5.Nf3 O-O 6.e3 h6 7.Bxf6 Bxf6 8.cxd5 
exd5 9.Bd3 c6 10.O-O Bg4 11.h3 Bh5 12.g4 Bg6 13.Bxg6 fxg6 14.Qb3 b5 15.e4 
a5 16.e5 Be7 17.Ne2 Na6 18.Kg2 Qd7 19.Rac1 c5 20.Nc3 Nb4 21.dxc5 h5 22.e6 
Qc7 23.Nxb5 Qb8 24.a4 hxg4 25.Nfd4 Qe5 26.hxg4 Rf4 27.Qh3 Raf8 28.Rh1 
Rxf2+ 29.Kg1 Bh4 30.Qxh4 Rg2+ 31.Kxg2 Qe4+ 32.Kh3 Qe3+ 33.Qg3 Qh6+ 34.Kg2 
Qd2+ 35.Ne2 Qxe2+ 36.Kg1 Nd3 37.e7 Re8 38.Rf1 Rxe7 39.Rh8+ 1-0

[Event "6th Transport Ministry's Cup"]
[Site "Warsaw POL"]
[Date "1980.05.31"]
[Round "9"]
[White "Uhlmann, Wolfgang"]
[Black "Schmidt, Wlodzimierz"]
[Result "1/2-1/2"]
[WhiteElo "2510"]
[BlackElo "2430"]
[EventDate "1980.05.23"]
[PlyCount "92"]
[Source "Vistula"]
[SourceDate "1999.08.16"]

1.c4 Nf6 2.Nc3 g6 3.e4 d6 4.d4 Bg7 5.Be2 O-O 6.Bg5 c5 7.d5 h6 8.Bf4 e6 9.
dxe6 Bxe6 10.Bxd6 Re8 11.Nf3 Nc6 12.O-O Nd4 13.e5 Nd7 14.Nxd4 cxd4 15.Qxd4
Nxe5 16.Bxe5 Qxd4 17.Bxd4 Bxd4 18.Rac1 Rad8 19.b3 Bxc3 20.Rxc3 Rd2 21.Bf3 
Rxa2 22.Bxb7 Rb8 23.Be4 Ra3 24.Bc2 a5 25.Re3 Ra2 26.Bxg6 a4 27.bxa4 Bxc4 
28.Bb1 Rab2 29.Bd3 Bxd3 30.Rxd3 Ra2 31.h3 Rxa4 32.Rc1 Rab4 33.Rg3+ Kf8 34.
Rcc3 R4b6 35.Rcf3 Rb4 36.Kh2 R8b6 37.Ra3 Rb7 38.Rac3 R4b6 39.Rc8+ Ke7 40.
Rgg8 Rd7 41.Rce8+ Kf6 42.Rh8 Kg5 43.Re3 Rf6 44.f3 Rg6 45.Re2 Rgd6 46.Kg3 
Rd8 1/2-1/2

[Event "6th Transport Ministry's Cup"]
[Site "Warsaw POL"]
[Date "1980.06.01"]
[Round "10"]
[White "Mazul, Waldemar"]
[Black "Bernard, Ryszard"]
[Result "1/2-1/2"]
[WhiteElo "2340"]
[BlackElo "2370"]
[EventDate "1980.05.23"]
[PlyCount "88"]
[Source "Vistula"]
[SourceDate "1999.08.16"]

1.e4 c5 2.Nf3 d6 3.g3 Nf6 4.Qe2 Nc6 5.h3 g6 6.Bg2 Bg7 7.O-O O-O 8.c3 e5 9.
d3 b6 10.Rd1 Ba6 11.c4 Ne8 12.Nc3 Nc7 13.Rf1 Bb7 14.Be3 Ne6 15.Nh2 Ncd4 
16.Qd2 f5 17.f4 exf4 18.gxf4 Qd7 19.Rae1 Rae8 20.Kh1 Kh8 21.Nd5 Rf7 22.Nf3
Nxf3 23.Bxf3 Nd4 24.Bg2 Ref8 25.Bxd4 Bxd4 26.e5 Bxd5 27.Bxd5 Re7 28.e6 Qd8
29.Re2 Rg8 30.b4 Qf8 31.b5 Qf6 32.Rg2 Qh4 33.Rf3 h6 34.Qe2 Kh7 35.a4 Rgg7 
36.Qf1 Qf6 37.Qe2 Qh4 38.Qf1 Rg8 39.Rfg3 Qf6 40.Re2 Qh4 41.Qf3 Rgg7 42.Bc6
Kh8 43.Bd7 g5 44.fxg5 hxg5 1/2-1/2

[Event "6th Transport Ministry's Cup"]
[Site "Warsaw POL"]
[Date "1999.06.01"]
[Round "10"]
[White "Pribyl, Josef"]
[Black "Kuligowski, Adam"]
[Result "1/2-1/2"]
[WhiteElo "2390"]
[BlackElo "2405"]
[PlyCount "141"]
[Source "Vistula"]
[SourceDate "1999.08.16"]

1.d4 Nf6 2.Nf3 e6 3.g3 c5 4.Bg2 b5 5.O-O Bb7 6.Nbd2 cxd4 7.Nb3 Be7 8.a4 b4
9.a5 O-O 10.Nfxd4 Bxg2 11.Kxg2 a6 12.Bd2 Qc8 13.f3 d5 14.f4 Ne4 15.Be1 Nc6
16.Rf3 Rb8 17.Rd3 Nxd4 18.Nxd4 Qc7 19.Ra2 Rfc8 20.b3 Bf6 21.e3 g6 22.Qf3 
Bg7 23.Kh1 Qa7 24.g4 Rc5 25.Qe2 Qc7 26.Rd1 Rxa5 27.Rxa5 Qxa5 28.Nc6 Qb5 
29.Qxb5 Rxb5 30.f5 a5 31.Nd4 Rb6 32.Ra1 e5 33.Ne2 Rc6 34.Rxa5 Bf8 35.Ra2 
gxf5 36.gxf5 Rf6 37.Ng3 Nxg3+ 38.Bxg3 Rxf5 39.Ra5 e4 40.Kg2 Bh6 41.Bf2 Kg7
42.Rb5 Kg6 43.Rxb4 Rf3 44.c4 Bxe3 45.Bxe3 Rxe3 46.cxd5 f5 47.Rd4 Rxb3 48.
d6 Rb8 49.d7 Rd8 50.Rd6+ Kf7 51.Kg3 Ke7 52.Rh6 Rxd7 53.Kf4 Kf8 54.h4 Kg7 
55.Re6 Rf7 56.h5 Rf6 57.Re7+ Kh6 58.Ke5 Rf8 59.Kf4 Kxh5 60.Rxh7+ Kg6 61.
Ra7 Rf7 62.Ra5 Kg7 63.Rb5 Kf8 64.Re5 Rf6 65.Kg5 Kg7 66.Re7+ Rf7 67.Re6 Kf8
68.Kf4 Kg8 69.Re5 Kh7 70.Re6 Kg7 71.Kg5 1/2-1/2

[Event "6th Transport Ministry's Cup"]
[Site "Warsaw POL"]
[Date "1980.06.01"]
[Round "10"]
[White "Schmidt, Wlodzimierz"]
[Black "Rakic, Tomislav"]
[Result "1/2-1/2"]
[WhiteElo "2430"]
[BlackElo "2455"]
[EventDate "1980.05.23"]
[PlyCount "107"]
[Source "Vistula"]
[SourceDate "1999.08.16"]

1.d4 g6 2.c4 Bg7 3.Nc3 d6 4.Nf3 Nd7 5.e4 e5 6.Be2 Ne7 7.Be3 O-O 8.Qd2 exd4
9.Nxd4 Nc6 10.O-O Nc5 11.Rad1 Ne6 12.Nc2 f5 13.exf5 gxf5 14.f4 a5 15.Bf3 
Qh4 16.b3 Kh8 17.Nd5 Rf7 18.g3 Qh6 19.Qf2 Bd7 20.Rfe1 Rg8 21.Bg2 Bc8 22.
Na3 Qg6 23.Nb5 h5 24.Kh1 Kh7 25.Bf3 Rh8 26.Qe2 Kg8 27.Bf2 Bf8 28.a3 Ncd8 
29.b4 axb4 30.axb4 b6 31.Ra1 Rh6 32.Nd4 Bb7 33.Nxe6 Nxe6 34.Ra7 c5 35.Rxb7
Rxb7 36.Nf6+ Qxf6 37.Bxb7 Nc7 38.b5 Rh7 39.Bf3 Re7 40.Qd1 Rxe1+ 41.Bxe1 h4
42.Kg2 hxg3 43.hxg3 Qe6 44.Qe2 Qxe2+ 45.Bxe2 Kf7 46.Bd3 Ke6 47.Kh3 Be7 48.
g4 fxg4+ 49.Kxg4 Bf6 50.Bg3 Ke7 51.Kf5 Ne8 52.Kg6 Bd4 53.Be4 Nf6 54.Bh4 
1/2-1/2

[Event "6th Transport Ministry's Cup"]
[Site "Warsaw POL"]
[Date "1980.06.01"]
[Round "10"]
[White "Sznapik, Aleksander"]
[Black "Uhlmann, Wolfgang"]
[Result "0-1"]
[WhiteElo "2460"]
[BlackElo "2510"]
[EventDate "1980.05.23"]
[PlyCount "80"]
[Source "Vistula"]
[SourceDate "1999.08.16"]

1.e4 e6 2.d4 d5 3.Nd2 c5 4.Ngf3 Nc6 5.exd5 exd5 6.Bb5 Bd6 7.dxc5 Bxc5 8.
O-O Ne7 9.Nb3 Bd6 10.Nbd4 O-O 11.Be3 Bg4 12.Qd2 Qc7 13.h3 Bh5 14.Nh4 Nxd4 
15.Bxd4 Bg6 16.Nxg6 hxg6 17.Qc3 Nf5 18.Qxc7 Bxc7 19.Rad1 Rfd8 20.Bc5 Rac8 
21.g4 Bb8 22.Ba3 Nd6 23.Rxd5 Nxb5 24.Rxb5 b6 25.c3 Rd3 26.Kg2 Re8 27.c4 
Re2 28.Rd5 Rg3+ 29.Kh1 Rxh3+ 30.Kg1 Be5 31.Rd8+ Kh7 32.Rd7 f5 33.gxf5 gxf5
34.Rxa7 Re4 35.f4 Bd4+ 36.Kg2 Ree3 37.Rf2 Reg3+ 38.Kf1 Rh1+ 39.Ke2 Re3+ 
40.Kd2 Rxa3 0-1